LIBRARY & INFORMATION CENTRE, KCAET, TAVANUR

ONLINE PUBLIC ACCESS CATALOGUE (OPAC)

Textbook of graph theory (Record no. 13721)

MARC details
000 -LEADER
fixed length control field 00345nam a22001457a 4500
020 ## - INTERNATIONAL STANDARD BOOK NUMBER
ISBN 9788181288141
020 ## - INTERNATIONAL STANDARD BOOK NUMBER
ISBN 0387988599
082 ## - DEWEY DECIMAL CLASSIFICATION NUMBER
Classification number 511.5
Item number BAL/TE
100 ## - MAIN ENTRY--AUTHOR NAME
Personal name Balakrishnan, R
245 ## - TITLE STATEMENT
Title Textbook of graph theory
260 ## - PUBLICATION, DISTRIBUTION, ETC. (IMPRINT)
Place of publication New Delhi
Name of publisher Springer (India) Pvt. Ltd.
Year of publication 2000
300 ## - PHYSICAL DESCRIPTION
Number of Pages 228
700 ## - ADDED ENTRY--PERSONAL NAME
Personal name Ranganathan, K
942 ## - ADDED ENTRY ELEMENTS (KOHA)
Koha item type Books
Holdings
Withdrawn status Lost status Damaged status Collection code Home library Current library Shelving location Date acquired Source of acquisition Cost, normal purchase price Full call number Accession Number Koha item type
      Non-fiction KAUAET KAUAET General Stacks 31/03/2012 Dreamtech, Thiruvananthapuram 695.00 511.5 BAL/TE 23130 Books
free website counter